• 首页
  • 本馆介绍
  • 公告通知
  • 最新文献
  • 馆藏检索
  • 电子资源
  • 读者导购
  • 参考咨询
  • 我的图书馆
  • 登录
  • 详细信息显示
  • 放入我的书架
  • 预约/预借图书
  • 作者相关作品
  • 分类相关作品
  • 丛书相关作品
  • 出版社相关作品

书目信息

  • 表格格式
  • 工作单格式
  • 卡片格式
题名:
PASCAL程序设计语言
    
 
作者: 彭澎 编著
分册:  
出版信息: 北京   北京科学技术出版社  1993.1
页数: 129页
开本: 26cm
丛书名:
单 册:
中图分类: TP312PA
科图分类: 73.87221
主题词: PASCAL语言-程序设计 , 程序设计-PASCAL语言
电子资源:
ISBN: 7-5304-1172-1
000 00744nam0 2200253 45
001 0193030533
005 20070712154327.78
010    @a7-5304-1172-1@dCNY5.60
100    @a19930716d1993 em y0chiy0121 ea
101 0  @achi
102    @aCN@b110000
105    @ay z 000yy
200 10 @aPASCAL程序设计语言@APASCAL CHENG XU SHE JI YU YAN@f彭 澎编著@FPENG PENG BIAN ZHU
210    @a北京@c北京科学技术出版社@d1993.1
215    @a129页@d26cm
314    @a彭 澎,工程师,从事计算机教学和科研工作
540 1  @a语言@AYU YAN
606    @aPASCAL语言-程序设计
606    @a程序设计-PASCAL语言
690    @aTP312PA@v三版
692    @a73.87221
701  0 @a彭澎@APENG PENG@4编著
801  0 @aCN@bTSSF@c20070712
905    @a10447@dTP312PA@e625
    
    PASCAL程序设计语言/彭 澎编著.-北京:北京科学技术出版社,1993.1
    129页;26cm
    
    
    ISBN 7-5304-1172-1:CNY5.60
    
●
相关链接 在E读中查询图书 在五车中查询图书 在当当中查询图书 在豆瓣中查询图书


正题名:PASCAL程序设计语言     索取号:TP312PA/625         预约/预借

序号 登录号 条形码 馆藏地/架位号 状态 备注
1 0765372   207653724   第二样本阅览室/ [索取号:TP312PA/625] 在馆    
唐山师范学院图书馆 欢迎您!
大连网信软件有限公司© 版权所有